000 00340nam a2200145Ia 4500
008 230524s9999 xx 000 0 und d
020 _a9780071333443
100 _aP G Apte
245 0 _aInternational Financial Management
250 _a6th ed.
260 _bMGH
500 _aQuantity Number: 8
650 _aManagement
942 _cBK
999 _c51297
_d51297